000 00690nam a22001577a 4500
003 OSt
005 20150909154705.0
008 150909b xxu||||| |||| 00| 0 eng d
040 _cRUA
082 _aAGR នូ 1993 BOO8 Or.1
100 _9188
_aនូ ថុល
245 _aសិក្សាអំពីឥទ្ធិពលនៃជីសរីរាង្គទៅលើដីខ្សាច់ខ្សត់ជីជាតិជាមួយពូជស្រូវប្រពៃណីប្រាំបីកួរក្នុងកល្ខខ័ណ្ឌប្រទេសកម្ពុជា
260 _aPHNOMPHEN
_bRUA
_c1993
300 _a100P.
_bILL.
_c29CM.
942 _2ddc
_cAGR
999 _c169
_d169